Republic of Congo : Joint Advisory Note on the Poverty Reduction Strategy Paper; Annual Progress Report.

This Joint Staff Advisory Note reviews the first annual progress report (APR) on implementation of the Poverty Reduction Strategy (PRS) in the Republic of Congo. The adoption of Congo's first full Poverty Reduction Strategy Paper was an important step toward consolidating macroeconomic stabilit...

Descrizione completa

Dettagli Bibliografici
Ente Autore: International Monetary Fund
Natura: Periodico
Lingua:English
Pubblicazione: Washington, D.C. : International Monetary Fund, 2010.
Serie:IMF Staff Country Reports; Country Report ; No. 2010/068
Accesso online:Full text available on IMF
LEADER 01617cas a2200241 a 4500
001 AALejournalIMF006355
008 230101c9999 xx r poo 0 0eng d
020 |c 5.00 USD 
020 |z 9781451982299 
022 |a 1934-7685 
040 |a BD-DhAAL  |c BD-DhAAL 
110 2 |a International Monetary Fund. 
245 1 0 |a Republic of Congo :   |b Joint Advisory Note on the Poverty Reduction Strategy Paper; Annual Progress Report. 
264 1 |a Washington, D.C. :  |b International Monetary Fund,  |c 2010. 
300 |a 1 online resource (15 pages) 
490 1 |a IMF Staff Country Reports 
500 |a <strong>Off-Campus Access:</strong> No User ID or Password Required 
500 |a <strong>On-Campus Access:</strong> No User ID or Password Required 
506 |a Electronic access restricted to authorized BRAC University faculty, staff and students 
520 3 |a This Joint Staff Advisory Note reviews the first annual progress report (APR) on implementation of the Poverty Reduction Strategy (PRS) in the Republic of Congo. The adoption of Congo's first full Poverty Reduction Strategy Paper was an important step toward consolidating macroeconomic stability and improved political and economic governance. The APR takes stock of the first year of PRS monitoring and implementation, and provides an update on the poverty diagnosis, and elaborates on the central aspects of the strategy. 
538 |a Mode of access: Internet 
830 0 |a IMF Staff Country Reports; Country Report ;  |v No. 2010/068 
856 4 0 |z Full text available on IMF  |u http://elibrary.imf.org/view/journals/002/2010/068/002.2010.issue-068-en.xml  |z IMF e-Library